Spell the Marvel Character #346 - Statistics

General Stats
  • This quiz has been taken 16 times
  • The average score is 7 of 9
Answer Stats
Picture Answer % Correct
Iron Man
100%
Captain Marvel
94%
Howard the Duck
88%
Spider-Woman
88%
Gwenpool
81%
America Chavez
75%
Nightcrawler
75%
Shang-Chi
63%
Hazmat
44%
No matching quizzes found
Score Distribution
Percent of People with Each Score
Percentile by Number Answered
Your Score History
You have not taken this quiz